01750nam a2200313 a 4500001001000000005001700010008004100027041000800068044000700076084002300083100008200106245007800188260001900266300002600285500004500311500037700356500004700733500006200780500007300842506009200915546005001007600008201057650010801139700005301247902000801300942001101308999001501319952010201334BRCA_513220190320204943.0191110m1853----mx-######v---#000-0#spa-# aspa amx aDOC105b.A77c18531 aArroyo, José MiguelcSecretario de Relaciones Exterioresd1810?-187591310210aDocumento firmado por Miguel ArroyocMiguel Arroyo, José López Uraga. aMéxicoc1853 a[2] fojasc27 x 21 cm aDocumento firmado el 28 de marzo de 1853 aDon Miguel Arroyo comunica al Oficial Mayor de Ministerio de Hacienda por haber nombrado a Don José López Uraga enviado extraordinario y Ministro Plenipotensario cerca de S.M.C. cesado en el cargo de negocios de la República en la misma corte Don Eduardo Goroztiza y se pide entregar a su ponderado Don Vicente Goroztiza el dinero necesario para el regreso del mismo aEl documento contiene la leyenda DOC. #269 aAl margen: MINISTRO DE RELACIONES INTERIORES Y EXTERIORES aEstado de conservación: contiene dobleces y rotura la primera foja0 aFondo reservado: para su consulta es necesario credencial de usuario y carta de motivos aTexto en: español de mediados del siglo XIX14aArroyo, José MiguelcSecretario de Relaciones Exterioresd1810?-187591310214aRelaciones internacionalesvManuscritoxHistoriayFederalismo y centralismo, 1824-1853zMéxico9131031 aLópez Uraga, JosécMilitarf1810-1885913104 aFDH 2lcccD c4826d4826 00104070aBRCAbBRCAd2010-11-19l0oDOC105 .A77 1853p5476r2019-03-22 00:00:00w2019-03-22yD